| 000 | 00593nam a2200193Ia 4500 | ||
|---|---|---|---|
| 005 | 20250818145253.0 | ||
| 008 | 008 250516s9999 xx 000 0 hin d | ||
| 020 | _a9789392176524 | ||
| 040 |
_beng _cSDCL |
||
| 041 |
_ahin _2hin |
||
| 084 | _aQ1:(P152:3) R2.1-R2.2 | ||
| 100 |
_aRamgopal _9818045 |
||
| 245 | 0 | _aVedic Grammar (2 Volumes Set) | |
| 246 | _aवैदिक व्याकरण (२ वोलुमेस सेट) | ||
| 260 |
_aNew Delhi: _bNational Publishing House, _c2022. |
||
| 300 | _axxxi,465,viii,915p. | ||
| 650 |
_aSanskrit _9818046 |
||
| 942 |
_cTEXL _2CC |
||
| 999 |
_c1430225 _d1430225 |
||